Quizzes
Events
Quiz Creation
Community
Videos
Private Events
Remove Ads
Sign In
Join for FREE
Feedback
Dark Mode
Quiz Categories
Sports
Geography
Music
Movies
Television
Just For Fun
Miscellaneous
History
Literature
Language
Science
Gaming
Entertainment
Religion
Holiday
For Kids
Quiz Lab
Recent
Popular Today
Quiz Kudos Today
Editor Picks
Curator Picks
Quizzes by...
Day
Popularity
Type
Ratings
Length
Year
Community
Subscriptions
Recent Discussions
Orange Saloon
Badges
Playlists
Quests
Create
Leaderboards
Showdown
Live 5
Trivia Bingo
Activity
Puzzle Library
Sporcle Events
Private Events
Virtual Trivia
Globe League
Become a Host
Pub Owners
SporcleCon
Opinionation
Our Games
Videos
Blog
Mobile Apps
Partnerships
Remove Ads and Go Orange
Feedback
Geography
Country
Landmarks
City
State
Population
World
Capital
Continent
Flags
Europe
Africa
Asia
South America
North America
Oceania
Border
Canada
United Kingdom
Topography
United States
Geography
Country
Landmarks
City
State
Population
World
Capital
Continent
Flags
Europe
Africa
Asia
South America
North America
Oceania
Border
Canada
United Kingdom
Topography
United States
Random Quiz
Search Sporcle
×
Quiz Lab
Quiz Lab
Geography
City
Type in answers that appear in a list
Type in answers that appear in a list
Classic
Best Score? Go Orange.
SAT Optional Colleges Part II Stats
Can you name the SAT Optional Colleges Part II?
By
Roman
15m
200 Questions
8 Plays
8 Plays
8 Plays
Comments
Comments
Give Quiz Kudos
Give Quiz Kudos
-
- Ratings
hide this ad
Replay
Link that replays current quiz
Next Quiz
Link to next quiz in quiz playlist
You Got
0%
They Got
Avg Score
16%
Avg Friend Score
Upgrade to see
Score Distribution
Jump to the score distribution portion of the page
Score
0/200
Timer
15:00
0
Plays Today
City
College
% Correct
Chicago
DePaul University
37.5%
Terre Haute
Indiana State University
37.5%
Granville
Denison University
25%
West Hills
DeVry University
25%
Alpharetta
DeVry University
25%
Atlanta
DeVry University
25%
Chicago
DeVry University
25%
Columbus
DeVry University
25%
Denver
DeVry University
25%
Freemont
DeVry University
25%
Houston
DeVry University
25%
Irving
DeVry University
25%
Kansas City
DeVry University
25%
Long Beach
DeVry University
25%
Orlando
DeVry University
25%
Philadelphia
DeVry University
25%
Phoenix
DeVry University
25%
Pomona
DeVry University
25%
Seattle
DeVry University
25%
Carlisle
Dickinson College
25%
Johnson City
East Tennessee State University
25%
Cheney
Eastern Washington University
25%
Fairfield
Fairfield University
25%
Boston
Fisher College
25%
Lancaster
Franklin and Marshall College
25%
Greenville
Furman University
25%
Fairfax
George Mason University
25%
Gettysburg
Gettysburg College
25%
Grand Rapids
Grace Bible College
25%
Grambling
Grambling State University
25%
Clinton
Hamilton College
25%
Amherst
Hampshire College
25%
Oneonta
Hartwick College
25%
Geneva
Hobart and William Smith College
25%
Albuquerque
ITT Technical Institute
25%
Arnold
ITT Technical Institute
25%
Birmingham
ITT TEchnical Institute
25%
Chicago
ITT Technical Institute
25%
Boise
ITT Technical Institute
25%
Duluth
ITT Technical Institute
25%
Fort Lauderdale
ITT Technical Institute
25%
Indianapolis
ITT Technical Institute
25%
Greenfield
ITT Technical Institute
25%
Jacksonville
ITT Technical Institute
25%
Knoxville
ITT Technical Institute
25%
Lathrop
ITT Technical Institute
25%
Los Angeles
ITT Technical Institute
25%
Louisville
ITT Technical Institute
25%
Miami
ITT Technical Institute
25%
Maitland
ITT Technical Institute
25%
Oxnard
ITT Technical Institute
25%
Phoenix
ITT Technical Institute
25%
Rancho Cordova
ITT Technical Institute
25%
Saint Rose
ITT Technical Institute
25%
San Bernardino
ITT Technical Institute
25%
Seattle
ITT Technical Institute
25%
Spokane
ITT Technical Institute
25%
Sylmar
ITT Technical Institute
25%
Tampa
ITT Technical Institute
25%
Thornton
ITT Technical Institute
25%
Torrance
ITT Technical Institute
25%
Tucson
ITT Technical Institute
25%
West Covina
ITT Technical Institute
25%
Providence
Johnson and Wales College
25%
Manhattan
Kansas State University
25%
Keuka Park
Keuka College
25%
Grand Rapids
Davenport College, Grand Rapids Fulton Street
12.5%
City
College
% Correct
Holland
Davenport College, Holland
12.5%
Kalamazoo
Davenport College, Kalamazoo
12.5%
Lansing
Davenport College, Lansing
12.5%
Grand Rapids
Davenport College, Grand Rapids Main Campus
12.5%
Lapeer
Davenport College, Lapeer
12.5%
Merrillville
Davenport College, Merrillville
12.5%
Midland
Davenport College, Midland
12.5%
Romeo
Davenport College, Romeo
12.5%
Saginaw
Davenport College, Saginaw
12.5%
Granger
Davenport College, South Bend
12.5%
Warren
Davenport College, Warren
12.5%
Traverse City
Davenport College, Traverse City
12.5%
San Diego
Design Institute of San Diego
12.5%
New York
DeVry Institute of Technology,New York
12.5%
Addison
DeVry University Addison
12.5%
Colorado Springs
DeVry University, Colorado Springs
12.5%
Crystal City
DeVry University, Crystal City
12.5%
Miramar
DeVry University, South Florida
12.5%
Tinley Park
DeVry University, Tinley Park
12.5%
Dickinson
Dickinson State University
12.5%
Redmond
DigiPen Institute of Technology
12.5%
Epworth
Divine Ward College
12.5%
Oakdale
Dowling College
12.5%
Saint George
Dixie State College
12.5%
Ada
East Central University
12.5%
Madison
Drew University
12.5%
Chicago
East-West University
12.5%
Richmond
Eastern Kentucky University
12.5%
LaGrande
Eastern Oregon State College
12.5%
Rochester
Eastman School of Music of the University of Rochester
12.5%
Jacksonville
Edward Waters College
12.5%
Hato Rey
Electronic Data Processing COllege of Puerto Rico
12.5%
Elizabethtown
Elizabethtown College
12.5%
Emporia
Emporia State University
12.5%
Eugene
Eugene Bible College
12.5%
Tampa
Everest University,Brandon
12.5%
Miami
Everest College
12.5%
Jacksonville
Everest University, Jacksonville
12.5%
Lakeland
Everest University, Lakeland
12.5%
Melbourne
Everest University, Melbourne
12.5%
Orlando
Everest University, Orlando
12.5%
Orange Park
Everest University, Orange Park
12.5%
Clearwater
Everest University, Pinellas
12.5%
Pompano Beach
Everest University, Pompano Beach
12.5%
Tampa
Everest University, Tampa
12.5%
Orlando
Everest University, South Orlando
12.5%
Albany
Excelsior College
12.5%
Fort Lauderdale
Everglades College
12.5%
Fairmont
Fairmount State College
12.5%
Ankeny
Faith Baptist College and Theological Seminary
12.5%
New York
Fashion Institute of Technology
12.5%
Grand Rapids
Ferris State University
12.5%
Hancock
Finlandia University
12.5%
Dix Hills
Five Towns College
12.5%
Kissimmee
Florida Christian College
12.5%
Hays
Fort Hays State University
12.5%
Durango
Fort Lewis College
12.5%
Columbus
Franklin University
12.5%
Nashville
Free Will Baptist Bible College
12.5%
Brooklyn(New York)
Friends World Program of Long Island University
12.5%
Washington
Gallaudet College
12.5%
Gainesville
Gainesville State College
12.5%
Lakewood
Georgian Court University
12.5%
Glenville
Glenville State College
12.5%
Springfield
Global University
12.5%
Plainfield
Goddard College
12.5%
Cincinnati
God's Bible School and COllege
12.5%
City
College
% Correct
San Francisco
Golden Gate University
12.5%
Baltimore
Goucher College
12.5%
Grand Canyon University
Phoenix
12.5%
Concord
Granite State College
12.5%
Slidell
Grantham College of Engineering
12.5%
Melrose Park
Gratz College
12.5%
Poultney
Green Mountain College
12.5%
Elko
Great Basin College
12.5%
Saint Peter
Gustuvus Adolphus College
12.5%
Greensboro
Guliford College
12.5%
Cedar Rapids
Hamilton College, Cedar Rapids
12.5%
Cedar Falls
Hamilton College, Cedar Falls
12.5%
Des Moines
Hamilton College, Des Moines
12.5%
Mason City
Hamilton College, Mason City
12.5%
Chicago
Harrington College of Design
12.5%
Harrisburg
Harrisburg University of Science and Technology
12.5%
Lawrence
Haskell Indian Nations University
12.5%
Honolulu
Hawaii Pacific University
12.5%
Florence
Heritage Christian University
12.5%
Toppenish
Heritage University
12.5%
Homewood
Herzing College
12.5%
New Orleans
Herzing College
12.5%
Atlanta
Herzing College
12.5%
Manchester
Hesser College
12.5%
Hamburg
Hillbert College
12.5%
Hobe Sound
Hobe Sound Bible College
12.5%
Naples
Hodges University
12.5%
Cromwell
Holy Apostles College and Seminary
12.5%
Jordanville
Holy Trinity Orthodox Seminary
12.5%
Arcata
Humboldt State University
12.5%
Stockton
Humphreys College
12.5%
Huron
Huron University
12.5%
Austin
Huston Tillotson University
12.5%
Philadelphia
Hussian School of Art
12.5%
Jacksonville
Illinois College
12.5%
Schaumburg
Illinois Institute of Art
12.5%
Los Angeles
Institute of Computer Technology
12.5%
Richmond
Indiana University East
12.5%
San Juan
Inter-American University of Puerto Rico, Metropolitan Campus
12.5%
Newport Beach
Interior Designers Institute
12.5%
Orlando
International Academy of Design and Technology
12.5%
Chicago
International Academy of Design and Technology
12.5%
Tampa
International Academy of Design and Technology
12.5%
Miami
International Fine Arts College
12.5%
Fort Wayne
International Business College
12.5%
Anaheim
ITT Techinical Institute
12.5%
Murray
ITT Technical Institute, Salt Lake City
12.5%
Earth City
ITT Technical Institute, Saint Louis
12.5%
Jamestown
Jamestown College
12.5%
Orinda
JFK University
12.5%
Hawkins
Jarvis Christian College
12.5%
Pleasant Hill
John F Kennedy University
12.5%
New York
John Jay College
12.5%
High Point
John Wesley College
12.5%
Charlotte
Johnson and Wales University
12.5%
North Miami
Johnson and Wales University
12.5%
Denver
Johnson and Wales University
12.5%
Jacksonville
Jones College
12.5%
Centennial
Jones International School
12.5%
New York
Juillard College
12.5%
Huntington
Juniata College
12.5%
Davenport
Kaplan University
12.5%
Brooklyn(New York)
Kehilath Yakov Rabbinical Seminary8
12.5%
Chicago
Kendall College
12.5%
Stark
Kent State University
12.5%
Tuscarawas
Kent State University
12.5%
Quiz Playlist
Details
Report
Send in Message
Add To Playlist
Classic:
Type in answers that appear in a list
Last Updated: Feb 16, 2017
Quiz Scoreboard
CHALLENGE
Sign Up to Join the Scoreboard
Show All
Scores
Hide
Comments
May contain spoilers
Recently Published
College Basketball Coaching Resumes
by pancakes188
Sports
9m
Billboard Blitz: Fleetwood Mac
by CooCooCachoo
Music
15s
Presidents Visiting Landmarks
by Hejman
History
7m
More to Explore
Quiz From the Vault
Featured Blog Post
Where Did the Easter Bunny Come From?
hide this ad
You Might Also Like...
Tags
City Quiz
College Quiz
State Quiz
optional
SAT
Today's Top Quizzes in Geography
Browse Geography
hide this ad
Today's Top Quizzes in City
Browse City
Top Contributed Quizzes in Geography
1
Countries of the World - No Outlines Minefield
2
Top 25 Cities of France on a map
3
Any capital of a 'B' country per Continent
4
Any capital of a 'C' country per Continent
5
Closest Countries to UK A-Z
6
Any capital of a 'D' country per Continent
7
5-to-1: US Geography No Hints
8
Any capital of an 'E' country per Continent
9
Click the Alabama Counties! (Map)
10
One Thing in Common: United Kingdom
Explore More
Trending Topics
Marvel
Crossword
Anime
Disney
Harry Potter
Kpop
NBA
WWE
Song
The Office
Soccer
NFL
Country
Pokémon
Puzzle
hide this ad
More By:
Roman
Quiz
Plays
Rating
Category
Featured
Created
Most Developed Countries
165,777
4.42
Geography
Dec 1, 2009
US Largest Cities (1910)
140,111
4.61
Geography
Nov 11, 2009
US Largest Cities (1920)
129,945
4.62
Geography
Dec 1, 2009
US Largest Cities (1960)
100,921
4.61
Geography
Jan 5, 2010
Sahara Countries
26,701
4.61
Geography
Nov 4, 2009
Go to Creator's Profile
Score Distribution
Quiz Creator Spotlight
Roman
Follow
Send a Message
Quizzes Created
-
Created Quiz Play Count
-
More By This Creator
Popular Quizzes Today
1
Find the US States - No Outlines Minefield
2
Find the Countries of Europe - No Outlines Minefield
3
The Countries of the World
4
Find the US States
5
Risky Map Clicking: Biggest States A-Z
6
US States
7
Popular People in 1961
8
Movies - When Are They Set?
More Geography Quizzes
Large But Not In Charge
Quiz Lab
Trending Quizzes
Risky Map Clicking: Least Populous States A-Z
1-10 Letter G Words
1-10 Letter F Words
Risky Map Clicking: Next State Alphabetically
Risky Map Clicking: Biggest States A-Z
Recently Updated
Leaping Animals
pecheneg
Reality TV Shows (A-Z)
bhenderson79
Rickey Henderson's Hall of Fame Teammates
pecheneg
Champions League XIs: Arsenal
pecheneg
Quick Pick: Celebrities in WWE's Hall of Fame
aduchscher
A-Z Keypad Blitz II
pecheneg
Multiple Oscar Actors
pecheneg
Mystery Phrase Blitz: Oscar 'Best Actors'
pecheneg
F. Scott Fitzgerald Novels
LTH
Pick 3 Villains
ddd62291
Trending Topics
NBA
Disney
Anime
Marvel
Kpop
Crossword
Harry Potter
Country
Song
The Office
Soccer
Puzzle
WWE
NFL
Pokémon
Your Account Isn't Verified!
In order to create a playlist on Sporcle, you need to verify the email address you used during registration. Go to your
Sporcle Settings
to finish the process.
Report this User
Report this user for behavior that violates our
Community Guidelines
.
Details:
Send Report
Go to the Sporcle.com Mobile Site →
Comments